000
00312nam a22001337a 4500
008
170221b xxu||||| |||| 00| 0 eng d
020
_a
002-039473
041
_a
eng
080
_2
4ED
_a
615
100
_a
5
101
_a
SHF
245
_a
DIFFERENTIAL DIAGNOSIS OF COMMON COMPLAINTS
_c
R.H.SELLER
942
_2
udc
_c
BK
999
_c
5913
_d
5913